000 004370000a22001810004500
003 MACL
005 20151205130516.0
008 151205b xxu||||| |||| 00| 0 eng d
040 _aMACL
_cMACL
041 _aEnglish
082 _a741.642
100 _aKohli, Com M S
_919264
245 _aIndians on Everest
260 _bOrient Longmans Ltd
_c1972
350 _a5
650 _aChildrens Book
_97875
942 _cBK
_k741.642/KOH
_2ddc
999 _c41338
_d41338